Central Library OPAC University of Rajshahi

Sociology of religion / (Record no. 57077)

MARC details
000 -LEADER
fixed length control field 00828nam a2200253 a 4500
001 - CONTROL NUMBER
control field 57077
003 - CONTROL NUMBER IDENTIFIER
rucl marc code BD-RjUL
005 - DATE AND TIME OF LATEST TRANSACTION
control field 20211209080451.0
008 - FIXED-LENGTH DATA ELEMENTS--GENERAL INFORMATION
fixed length control field 161205s1947 enk||||| |||| 001 0 eng d
035 ## - SYSTEM CONTROL NUMBER
System control number (BD-RjUL) 57201
040 ## - CATALOGING SOURCE
Transcribing agency BD-RjUL
Modifying agency BD-RjUL
Language of cataloging eng
Original cataloging agency BD-RjUL
041 ## - LANGUAGE CODE
Language code of text/sound track or separate title eng
082 ## - DEWEY DECIMAL CLASSIFICATION NUMBER
Classification number 306.6
Author mark and year WAS 1947
Edition number 23
100 1# - MAIN ENTRY--PERSONAL NAME
Personal name Wach, Joachim.
Dates associated with a name 1898-1955.
9 (RLIN) 96031
245 00 - TITLE STATEMENT
Title Sociology of religion /
Statement of responsibility, etc. By Joachim Wach.
260 ## - PUBLICATION, DISTRIBUTION, ETC. (IMPRINT)
Place of publication, distribution, etc. London :
Name of publisher, distributor, etc. Kegan Paul, Trench, Trubner & Co.,
Date of publication, distribution, etc. c1947
300 ## - PHYSICAL DESCRIPTION
Pagination xii, 429 p. ;
Size 24 cm.
490 0# - SERIES STATEMENT
Series statement International library of sociology and social reconstruction
500 ## - GENERAL NOTE
General note Includes Index.
650 #0 - SUBJECT ADDED ENTRY--TOPICAL TERM
Topical term or geographic name as entry element sociology of Religion
9 (RLIN) 5230
Topical term or geographic name as entry element Sociology.
9 (RLIN) 96032
830 ## - SERIES ADDED ENTRY--UNIFORM TITLE
Uniform title International library of sociology and social reconstruction
942 ## - ADDED ENTRY ELEMENTS (KOHA)
Source of classification or shelving scheme Dewey Decimal Classification
Koha item type Books
Holdings
Lost status Source of classification or shelving scheme Damaged status Not for loan Collection code Permanent Location Current Location Shelving location Date acquired Source of acquisition Cost, normal purchase price Total Checkouts Full call number Date last seen Copy number Koha item type
  Dewey Decimal Classification   Not For Loan Non-fiction Central Library, University of Rajshahi Central Library, University of Rajshahi Reading Room 21/09/1955 D. H Black-Well 1.00   306.6 WAS 1947 05/12/2016 C-1 Books